[Event "Titled Tue 24th Jun Late"]
[Site "chess.com INT"]
[Date "2025.06.24"]
[Round "1"]
[White "Nakamura,Hi"]
[Black "Xie,Bryan"]
[Result "1-0"]
[WhiteElo "2804"]
[BlackElo "2312"]

1.e4 e5 2.Bc4 Nf6 3.d3 c6 4.Nf3 d5 5.Bb3 Bd6 6.Nc3 d4 7.Ne2 O-O 8.Ng3 Na6
9.a3 Nc5 10.Ba2 Re8 11.Ng5 Ne6 12.h4 Bf8 13.Nf5 g6 14.Ng3 h5 15.O-O Nxg5
16.Bxg5 Be7 17.Ne2 Ng4 18.Bxe7 Qxe7 19.g3 Be6 20.Bxe6 Qxe6 21.Kg2 Qf6 22.Ng1 c5
23.Nf3 b5 24.a4 a6 25.Nd2 Qc6 26.Qe2 Rab8 27.b3 Ra8 28.Ra2 Kg7 29.Kg1 f5
30.exf5 gxf5 31.Re1 Rf8 32.Rea1 f4 33.axb5 axb5 34.Ne4 Rxa2 35.Rxa2 fxg3
36.fxg3 Qg6 37.Ra7+ Rf7 38.Rxf7+ Qxf7 39.Nxc5 Ne3 40.Ne4 Qf5 41.c4 bxc4 42.bxc4 Kf8
43.Qf2 Ke7 44.Qxf5 Nxf5 45.Kf2 Kd7 46.Nf6+ Ke6 47.Nxh5 Nd6 48.Kf3 e4+ 49.dxe4 Nxc4
50.Nf4+ Kf6 51.Nd3 Nd2+ 52.Kf4 Nc4 53.h5 Ne3 54.e5+ Ke6 55.Ke4 Nf5 56.Nf4+  1-0

[Event "Titled Tue 24th Jun Early"]
[Site "chess.com INT"]
[Date "2025.06.24"]
[Round "1"]
[White "Nakamura,Hi"]
[Black "Llari,Marc"]
[Result "1-0"]
[WhiteElo "2804"]
[BlackElo "2334"]

1.Nf3 e6 2.g3 f5 3.d3 Nf6 4.Bg2 d5 5.O-O c6 6.Nbd2 Bc5 7.e4 O-O 8.exf5 exf5
9.Re1 Nbd7 10.Nb3 Bd6 11.Nfd4 Nc5 12.h3 Qc7 13.f4 Bd7 14.Be3 Na4 15.Qc1 c5
16.Nf3 d4 17.Bf2 Rae8 18.c3 dxc3 19.bxc3 Bc6 20.c4 Rxe1+ 21.Bxe1 b6 22.Nbd2 Re8
23.Qc2 a6 24.Bf2 b5 25.d4 cxd4 26.cxb5 axb5 27.Nxd4 Bxg2 28.Qxc7 Bxc7 29.Kxg2 Bb6
30.N2b3 Ne4 31.Bg1 g6 32.Nxb5 Bxg1 33.Rxg1 Nec3 34.Nxc3 Nxc3 35.a3 Re2+ 36.Kf3 Rb2
37.Na5 Ra2 38.Nc4 Nb5 39.Rd1 Nxa3 40.Rd8+ Kg7 41.Ra8 Nxc4 42.Rxa2 Nd6 43.Ra7+ Nf7
44.g4 Kf6 45.g5+ Ke6 46.Ke3 h6 47.Ra6+ Ke7 48.Rxg6 hxg5 49.fxg5 Ne5 50.Ra6  1-0

[Event "Titled Tue 24th Jun Late"]
[Site "chess.com INT"]
[Date "2025.06.24"]
[Round "2"]
[White "Volkov,Maksim"]
[Black "Nakamura,Hi"]
[Result "0-1"]
[WhiteElo "2333"]
[BlackElo "2804"]

1.d4 g6 2.c4 f5 3.Nf3 Nf6 4.e3 Bg7 5.b4 c6 6.Bb2 d6 7.Be2 O-O 8.O-O a5 9.b5 h6
10.Nc3 Be6 11.Qb3 Bf7 12.Rfd1 Nbd7 13.Rac1 Qc7 14.Qa3 Rfd8 15.Na4 Bf8 16.bxc6 bxc6
17.d5 e5 18.dxe6 Bxe6 19.Qc3 Bf7 20.Qd4 Rab8 21.Ba1 Rb4 22.Nc3 Be7 23.Rb1 Nc5
24.Nd2 d5 25.Qf4 Qxf4 26.exf4 d4 27.a3 dxc3 28.axb4 c2 29.bxc5 Rxd2 30.Rb8+ Kg7
31.Rc1 Rxe2 32.Kf1 Bxc4 33.Rc8 Bxc5 34.Rc7+ Re7+  0-1

[Event "Titled Tue 24th Jun Early"]
[Site "chess.com INT"]
[Date "2025.06.24"]
[Round "2"]
[White "Akhmedov,David"]
[Black "Nakamura,Hi"]
[Result "0-1"]
[WhiteElo "2447"]
[BlackElo "2804"]

1.d4 e6 2.c4 b6 3.Nf3 Bb7 4.g3 Nf6 5.Bg2 Bb4+ 6.Bd2 c5 7.O-O O-O 8.Bxb4 cxb4
9.Nbd2 a5 10.Qc2 d6 11.b3 Qc7 12.Rac1 Nbd7 13.Rfd1 Rac8 14.Qd3 Rfd8 15.e4 e5
16.h3 Re8 17.Re1 Qb8 18.Qb1 Qa8 19.Re2 Re7 20.Rce1 Rce8 21.g4 Nf8 22.Nh4 g6
23.Nhf3 Ne6 24.d5 Nf4 25.Re3 Nd7 26.Bf1 Nc5 27.Rc1 Bc8 28.Ne1 f5 29.exf5 gxf5
30.gxf5 Rf8 31.Rg3+ Kh8 32.Nef3 Bxf5 33.Qa1 Bd3 34.Kh2 Qe8 35.Bxd3 Ncxd3
36.Rf1 Qh5 37.Qd1 Nc5 38.Rfg1 Ng6 39.Qf1 Qf5 40.R1g2 Qc2 41.Qg1 Qf5 42.Nh4 Qf4
43.Nxg6+ hxg6 44.Nf3 Ne4 45.Qb1 Nxg3 46.Rxg3 e4 47.Nh4 Qxh4  0-1

[Event "Titled Tue 24th Jun Early"]
[Site "chess.com INT"]
[Date "2025.06.24"]
[Round "3"]
[White "Nakamura,Hi"]
[Black "Kacharava,Nikolozi"]
[Result "1/2-1/2"]
[WhiteElo "2804"]
[BlackElo "2524"]

1.Nf3 d5 2.g3 c6 3.Bg2 Nf6 4.d3 Bg4 5.Nbd2 Nbd7 6.h3 Bh5 7.g4 Bg6 8.Nh4 e5
9.e3 Bd6 10.Qe2 Ng8 11.Nxg6 hxg6 12.c4 Ne7 13.a3 a5 14.b3 g5 15.Bb2 Nf6 16.Nf3 Ng6
17.Nxg5 Nh4 18.Kf1 Qb6 19.Qc2 O-O 20.Nf3 Nxg2 21.Kxg2 Rfe8 22.c5 Bxc5 23.Nxe5 d4
24.Nc4 Qd8 25.e4 Qc7 26.Rhf1 b5 27.Nd2 Bd6 28.Bxd4 Nd7 29.Be3 Bf4 30.Nf3 Nf8
31.a4 bxa4 32.Rxa4 Ng6 33.Rc4 Re6 34.Rc1 Rc8 35.d4 Rce8 36.d5 Rf6 37.Rxc6 Qe7
38.Rxf6 Qxf6 39.Qc6 Qd8 40.Rc4 Bxe3 41.fxe3 Rf8 42.e5 Qb8 43.d6 Qxb3 44.Qe4 Qb2+
45.Qc2 Qa3 46.Rd4 Qxe3 47.Qd2 Qb3 48.d7 Rd8 49.Qxa5 Qb2+ 50.Kg3 Qb8 51.h4 Nf8
52.Qa4 Qc7 53.Qc4 Qxc4 54.Rxc4 Rxd7 55.Ng5 Rd3+ 56.Kf4 Ng6+ 57.Ke4 Rd8 58.h5 Nxe5
59.Kxe5 f6+ 60.Ke6 fxg5 61.Kf5 Rd5+ 62.Kg6 Rd6+ 63.Kxg5 Kh7 64.Rc5 Rd4 65.Rc7 Rd5+
66.Kf4 Ra5 67.g5 Ra4+ 68.Kf3 Ra3+ 69.Ke4 Ra4+ 70.Kf5 Ra5+ 71.Kf4 Ra4+ 72.Kg3 Ra3+
73.Kg4 Ra4+ 74.Kf3 Ra3+ 75.Ke4 Ra4+ 76.Kd5 Rg4 77.g6+ Kh6 78.Ke5 Rg5+ 79.Kf4 Rxh5
80.Kg3 Rg5+ 81.Kf2 Rxg6 82.Rc4 Rf6+ 83.Kg2 g5 84.Ra4 Kg6 85.Kg3 Rd6 86.Kg4 Re6
87.Rb4 Rd6 88.Ra4 Rf6 89.Ra5 Rf4+ 90.Kg3 Rc4 91.Ra8 Kh5 92.Rh8+ Kg6 93.Rb8 Rc3+
94.Kg4 Rc4+ 95.Kg3 Rd4 96.Kf3 Rf4+ 97.Kg3 Ra4 98.Rg8+ Kh5 99.Rh8+ Kg6 100.Rg8+ Kf6
101.Rc8 Kf5 102.Rc5+ Kg6 103.Rc8 Ra3+ 104.Kg2 Ra4 105.Kg3 Ra3+ 106.Kf2 Kf5
107.Rc4 g4 108.Kg2 Kg5 109.Rc8 Ra2+ 110.Kg3 Ra3+ 111.Kf2 Kf4 112.Rf8+ Kg5
113.Rg8+ Kf5 114.Kg2 Ra2+ 115.Kg3 Ra3+ 116.Kg2 Rb3 117.Rf8+ Kg5 118.Rg8+ Kf4
119.Rf8+ Kg5 120.Ra8 Kh4 121.Rh8+ Kg5 122.Rd8 Rb2+ 123.Kg1 Kh4 124.Rd3 g3
125.Rd8 Kg4 126.Rg8+ Kf3 127.Rf8+ Kg4 128.Rg8+ Kf4 129.Re8 Rb1+ 130.Kg2 Rb2+
131.Kh1 Ra2 132.Rb8 Kg4 133.Kg1 Kh3 134.Rh8+ Kg4 135.Rg8+ Kf3 136.Rf8+ Kg4
137.Rc8 Ra1+ 138.Kg2 Ra2+ 139.Kg1 Rb2 140.Ra8 Kh3 141.Rh8+ Kg4 142.Rg8+  1/2-1/2

[Event "Titled Tue 24th Jun Late"]
[Site "chess.com INT"]
[Date "2025.06.24"]
[Round "3"]
[White "Nakamura,Hi"]
[Black "Atanasov,Anthony"]
[Result "1-0"]
[WhiteElo "2804"]
[BlackElo "2417"]

1.d4 d5 2.c4 e6 3.Nc3 Nf6 4.cxd5 exd5 5.Bg5 Be7 6.e3 h6 7.Bf4 Bf5 8.Nge2 O-O
9.Ng3 Be6 10.Bd3 c5 11.Nf5 Bxf5 12.Bxf5 cxd4 13.exd4 Bd6 14.Be3 Qb6 15.Qd2 Nc6
16.O-O Na5 17.b3 Bb4 18.Qd3 Bxc3 19.Qxc3 Ne4 20.Bxe4 Rac8 21.Qd3 dxe4 22.Qxe4 Rfe8
23.Qd3 Qd6 24.d5 Nc6 25.Qb5 Nb4 26.Qxb7 Nc2 27.Rac1 Rb8 28.Qc6 Qxc6 29.dxc6 Nxe3
30.fxe3 Rxe3 31.Rfd1 Rc8 32.Rd7 a5 33.Rd5 a4 34.b4 Kf8 35.b5  1-0

[Event "Titled Tue 24th Jun Early"]
[Site "chess.com INT"]
[Date "2025.06.24"]
[Round "4"]
[White "Aradhya,Garg"]
[Black "Nakamura,Hi"]
[Result "0-1"]
[WhiteElo "2370"]
[BlackElo "2804"]

1.d4 Nf6 2.c4 b6 3.Nc3 Bb7 4.d5 e6 5.a3 Bd6 6.Nf3 O-O 7.Bg5 h6 8.h4 Be7 9.Qc2 exd5
10.Bxf6 Bxf6 11.Nxd5 Bxd5 12.cxd5 c6 13.O-O-O cxd5 14.Rxd5 Nc6 15.Kb1 Rc8
16.Qd3 Na5 17.e4 Qc7 18.Be2 Rfe8 19.e5 Bxe5 20.Rd6 Qxd6  0-1

[Event "Titled Tue 24th Jun Late"]
[Site "chess.com INT"]
[Date "2025.06.24"]
[Round "4"]
[White "Szpar,Milosz"]
[Black "Nakamura,Hi"]
[Result "1/2-1/2"]
[WhiteElo "2495"]
[BlackElo "2804"]

1.e4 c5 2.c3 d5 3.exd5 Qxd5 4.d4 g6 5.Nf3 Bg7 6.Na3 cxd4 7.Nb5 Na6 8.Nbxd4 Nf6
9.Bb5+ Bd7 10.Bxa6 bxa6 11.O-O O-O 12.Re1 Rfe8 13.Ne5 Bc8 14.Ndc6 Bb7 15.Qxd5 Nxd5
16.Na5 Rab8 17.Nd7 Rbd8 18.Nc5 Bc8 19.Be3 Nxe3 20.Rxe3 e5 21.Rae1 Bf8 22.b4 Bxc5
23.bxc5 Rd2 24.R3e2 Rd3 25.Re3 Rd2 26.R3e2 Rd5 27.Nb3 f6 28.f4 Bf5 29.c4 Rdd8
30.fxe5 Bd3 31.Re3 f5 32.c6 Be4 33.Nc5 Bxc6 34.e6 Rd4 35.Nxa6 Rxc4 36.e7 Bb7
37.Ra3 Rc2 38.g3 Kf7 39.Nb4 Rg2+ 40.Kf1 Rxh2 41.Rxa7 Be4 42.Re2 Rh1+ 43.Kf2 Rxe7
44.Rxe7+ Kxe7 45.Nd5+ Kd6 46.Nf6 Bc6 47.Rd2+ Ke5 48.Nd7+ Bxd7 49.Rxd7 h5
50.Ra7 Rb1 51.Ra6 g5 52.Ra5+ Ke4 53.Ra4+ Kd3 54.Ra5 Rb2+ 55.Kf3 Rb1 56.Rd5+ Kc4
57.Rxf5 Rf1+ 58.Ke4 Re1+ 59.Kf3 h4 60.Rxg5 hxg3 61.Rxg3 Kb5 62.Rg2 Re8 63.Kg3 Ka4
64.Kh2 Ka3 65.Kg1 Ra8 66.Kh2 Rb8 67.Kg1 Rb1+ 68.Kh2 Ra1 69.Kh3 Rxa2 70.Rxa2+ Kxa2  1/2-1/2

[Event "Titled Tue 24th Jun Late"]
[Site "chess.com INT"]
[Date "2025.06.24"]
[Round "5"]
[White "Nakamura,Hi"]
[Black "Kourkoulos Arditis,Stamatis"]
[Result "1-0"]
[WhiteElo "2804"]
[BlackElo "2580"]

1.d4 d5 2.Nf3 e6 3.e3 Nf6 4.c4 b6 5.cxd5 exd5 6.Bb5+ c6 7.Bd3 Bd6 8.b3 O-O
9.Ba3 Bxa3 10.Nxa3 Re8 11.O-O Qd6 12.Nb1 c5 13.dxc5 bxc5 14.Nc3 Bb7 15.Rc1 Nbd7
16.Be2 Rac8 17.Qd2 h6 18.Rfd1 a6 19.Rc2 Nb6 20.Qc1 Qb8 21.Nb1 d4 22.exd4 Ng4
23.Ne5 Nxe5 24.dxe5 Rxe5 25.Bf1 Rh5 26.h3 Rg5 27.Nc3 Qa8 28.f4 Rg6 29.Qe3 Re6
30.Qf2 c4 31.b4 a5 32.b5 a4 33.f5 Rf6 34.g4 Qa5 35.a3 Re8 36.Rd4 Ba8 37.h4 Qa7
38.g5 hxg5 39.hxg5 Qb7 40.Bg2 Qxg2+ 41.Qxg2 Bxg2 42.gxf6 Bh3 43.Rf2 Re5 44.Rd8+ Kh7
45.Rh2 Re3 46.Nd1 Rxa3 47.Nf2 Ra1+ 48.Rd1 Rxd1+ 49.Nxd1 gxf6 50.Rxh3+ Kg7
51.Nb2 Kf8 52.Ra3 Ke7 53.Nxa4 Nd5 54.Nc3 Ne3 55.b6  1-0

[Event "Titled Tue 24th Jun Early"]
[Site "chess.com INT"]
[Date "2025.06.24"]
[Round "5"]
[White "Nakamura,Hi"]
[Black "Shankland,S"]
[Result "0-1"]
[WhiteElo "2804"]
[BlackElo "2666"]

1.Nf3 d5 2.g3 g6 3.d4 Nf6 4.Bg2 Bg7 5.O-O O-O 6.c4 c6 7.Qb3 dxc4 8.Qxc4 Bf5
9.Nc3 Nbd7 10.a3 Rc8 11.Rd1 b5 12.Qa2 Be6 13.Qb1 Bb3 14.Re1 Qb6 15.Bf4 Nd5
16.Bg5 Rfe8 17.Nd2 Nxc3 18.bxc3 Ba4 19.Ne4 h6 20.Be3 Qc7 21.f4 c5 22.Rc1 cxd4
23.cxd4 Qb6 24.Qb4 Nf6 25.Nxf6+ Bxf6 26.Bf2 a5 27.Qd2 Red8 28.d5 Qd6 29.Rab1 Qxa3
30.e4 Bc3 31.Qd3 b4 32.Bb6 Bb2 33.Rxc8 Rxc8 34.Qf1 Bc2 35.Re1 b3 36.e5 Qb4
37.Qf2 Bc3 38.Rf1 b2 39.d6 exd6 40.Bh3 b1=Q 41.Be3 Bd3 42.Rc1 Qxc1+ 43.Bxc1 Bd4  0-1

[Event "Titled Tue 24th Jun Early"]
[Site "chess.com INT"]
[Date "2025.06.24"]
[Round "6"]
[White "Nakamura,Hi"]
[Black "Vignesh,N R"]
[Result "1-0"]
[WhiteElo "2804"]
[BlackElo "2531"]

1.b3 e5 2.Bb2 Nc6 3.c4 Nf6 4.e3 g6 5.Nf3 d6 6.d4 exd4 7.Nxd4 Bg7 8.Be2 O-O
9.O-O Re8 10.Nxc6 bxc6 11.Bf3 d5 12.Nd2 Be6 13.Qc2 a5 14.cxd5 cxd5 15.Rac1 a4
16.b4 a3 17.Bd4 Nd7 18.Nb3 Ne5 19.Be2 Nc4 20.Bxg7 Kxg7 21.Nd4 Qd6 22.Nxe6+ Qxe6
23.Rfd1 Nb2 24.Rd4 c6 25.g3 Reb8 26.Kg2 Rb6 27.Qc5 Na4 28.Qc2 Qe7 29.Bf3 Nb2
30.b5 cxb5 31.Bxd5 Rd8 32.e4 Nc4 33.Rd3 Ne5 34.Rc3 b4 35.Rc7 Rd7 36.Rxd7 Nxd7
37.Qc7 Qd6 38.Qa7 Ra6 39.Qd4+ Nf6 40.Qa1 Kg8 41.Rc8+ Kg7 42.Bb7 b3 43.axb3 Rb6
44.e5 Qd7 45.exf6+ Kh6 46.Qc1+ g5 47.Bf3 a2 48.Rc5  1-0

[Event "Titled Tue 24th Jun Late"]
[Site "chess.com INT"]
[Date "2025.06.24"]
[Round "6"]
[White "Bachmann,Ax"]
[Black "Nakamura,Hi"]
[Result "0-1"]
[WhiteElo "2570"]
[BlackElo "2804"]

1.d4 e6 2.c4 b6 3.Nc3 Bb4 4.e3 Bxc3+ 5.bxc3 Bb7 6.f3 d6 7.Bd3 e5 8.Ne2 Nd7
9.O-O Ne7 10.e4 O-O 11.Be3 f5 12.c5 fxe4 13.fxe4 Rxf1+ 14.Kxf1 d5 15.Ng3 bxc5
16.dxc5 Nf6 17.Qb3 Bc6 18.Rd1 Ng4 19.Bg1 Qd7 20.Be2 Nf6 21.exd5 Nexd5 22.Bf3 Qf7
23.Ke1 e4 24.Be2 Kh8 25.Bd4 Qe8 26.c4 Ba4 27.Qb2 Rb8 28.Qc1 Bxd1  0-1

[Event "Titled Tue 24th Jun Early"]
[Site "chess.com INT"]
[Date "2025.06.24"]
[Round "7"]
[White "Matinian,N"]
[Black "Nakamura,Hi"]
[Result "0-1"]
[WhiteElo "2421"]
[BlackElo "2804"]

1.e4 g6 2.d4 d6 3.Nc3 a6 4.Nf3 b5 5.a4 b4 6.Nd5 e6 7.Nxb4 d5 8.c3 dxe4 9.Ne5 f6
10.Nc4 Bxb4 11.cxb4 Nc6 12.Be2 Nxd4 13.Be3 e5 14.O-O Ne7 15.Bg4 O-O 16.Bxc8 Rxc8
17.b5 axb5 18.axb5 Qd5 19.Bxd4 exd4 20.Ne3 dxe3  0-1

[Event "Titled Tue 24th Jun Late"]
[Site "chess.com INT"]
[Date "2025.06.24"]
[Round "7"]
[White "Caruana,F"]
[Black "Nakamura,Hi"]
[Result "1/2-1/2"]
[WhiteElo "2777"]
[BlackElo "2804"]

1.e4 e5 2.Nf3 Nc6 3.Nc3 Nf6 4.h3 d5 5.exd5 Nxd5 6.Bb5 Nxc3 7.bxc3 Bd6 8.O-O O-O
9.d4 exd4 10.cxd4 Qf6 11.Bg5 Qg6 12.Bd3 Bf5 13.Bxf5 Qxf5 14.c4 h6 15.Be3 Rad8
16.Rb1 b6 17.Rb5 Qd7 18.Qb1 Rfe8 19.Re1 Na5 20.Rc1 a6 21.Rh5 Bf8 22.Ne5 Qe7
23.g3 Rd6 24.c5 Re6 25.Rf5 Rf6 26.Rxf6 Qxf6 27.cxb6 cxb6 28.Rc7 Qe6 29.Nxf7 Be7
30.Ne5 Bd6 31.Qxb6 Bxc7 32.Qxc7 Qxa2 33.Kh2 Qd5 34.Qa7 Nc4 35.Qxa6 Nxe3 36.fxe3 Ra8
37.Qc4 Ra2+ 38.Kg1 Qxc4 39.Nxc4 Kf7 40.Kf1 Ke7 41.Ne5 Ke6 42.Nd3 Kf5 43.Nf2 h5
44.Kg2 g5 45.Kf3 Ke6 46.Ne4 Kf5 47.g4+ hxg4+ 48.hxg4+ Kg6 49.Ng3 Rh2 50.Nf5 Kf6
51.e4 Rh3+ 52.Kf2 Ke6 53.Ke2 Kf6 54.Kf2 Ke6 55.Ke2 Kf6 56.Kf2  1/2-1/2

[Event "Titled Tue 24th Jun Early"]
[Site "chess.com INT"]
[Date "2025.06.24"]
[Round "8"]
[White "Nakamura,Hi"]
[Black "Alonso Rosell,A"]
[Result "1-0"]
[WhiteElo "2804"]
[BlackElo "2536"]

1.b3 Nf6 2.Bb2 g6 3.d4 Bg7 4.Nf3 c5 5.dxc5 Qa5+ 6.Nbd2 Qxc5 7.e3 O-O 8.c4 Qc7
9.Rc1 b6 10.Be2 Bb7 11.O-O d6 12.Nd4 Nbd7 13.Nb5 Qb8 14.Qc2 a6 15.Nc3 Qa7
16.Qb1 Rac8 17.Rfd1 Ne5 18.Bf1 Qa8 19.h3 Rfe8 20.Qa1 Ned7 21.b4 Ne5 22.Na4 Ned7
23.Bd4 b5 24.Nb2 e5 25.Bc3 Nb6 26.a4 Nxc4 27.Ndxc4 bxc4 28.Rxd6 Ne4 29.Rdd1 Bd5
30.Qa3 Nxc3 31.Rxc3 e4 32.a5 Bxc3 33.Qxc3 Red8 34.Na4 Be6 35.Rc1 Qc6 36.Nc5 Rd6
37.Nxe6 Rxe6 38.Bxc4 Rf6 39.Qb2 Kg7 40.Rc2 Qd6 41.Rd2 Qc7 42.Rd4 Qe5 43.Qb3 Rd6
44.Rxd6 Qxd6 45.g3 f5 46.Kg2 Qf6 47.h4 h6 48.b5 axb5 49.Qxb5 Rc7 50.a6 g5
51.hxg5 hxg5 52.Bd5 f4 53.Bxe4 fxe3 54.fxe3 Re7 55.Bf3  1-0

[Event "Titled Tue 24th Jun Late"]
[Site "chess.com INT"]
[Date "2025.06.24"]
[Round "8"]
[White "Nakamura,Hi"]
[Black "Bluebaum,M"]
[Result "1-0"]
[WhiteElo "2804"]
[BlackElo "2663"]

1.f4 d5 2.Nf3 Nf6 3.g3 e6 4.Bg2 b5 5.d3 Bb7 6.O-O Be7 7.Qe1 c5 8.a4 b4 9.Nbd2 Nc6
10.e4 dxe4 11.dxe4 Nd4 12.Nxd4 Qxd4+ 13.Kh1 O-O 14.Qe2 Rad8 15.Nb3 Qd7 16.Bd2 Qc7
17.c4 bxc3 18.Bxc3 Rd7 19.Na5 Ba8 20.Nc4 Qb7 21.Rfe1 Rfd8 22.h3 Rd3 23.Kh2 h6
24.Ne5 R3d6 25.Nxf7 Kxf7 26.e5 Rc6 27.exf6 gxf6 28.Qh5+ Kg7 29.f5 e5 30.Re4 Kf8
31.Qxh6+ Ke8 32.Rg4 Kd7 33.Rd1+ Kc8 34.Rxd8+ Bxd8 35.Rg8 Qe7 36.Qf8 Qxf8
37.Rxf8 Kd7 38.Bxc6+ Bxc6 39.Rg8 Bxa4 40.h4 Bc2 41.g4 e4 42.h5 e3 43.h6 Bc7+
44.Kh3 Bd3 45.Rg7+ Kc6 46.Rxc7+ Kxc7  1-0

[Event "Titled Tue 24th Jun Late"]
[Site "chess.com INT"]
[Date "2025.06.24"]
[Round "9"]
[White "Nakamura,Hi"]
[Black "Lazavik,Denis"]
[Result "0-1"]
[WhiteElo "2804"]
[BlackElo "2580"]

1.Nf3 Nf6 2.c4 g6 3.Nc3 Bg7 4.e4 d6 5.d4 O-O 6.h3 e5 7.d5 a5 8.g4 Na6 9.Be3 Nc5
10.Nd2 c6 11.Be2 Bd7 12.g5 Ne8 13.h4 f5 14.h5 Rf7 15.hxg6 hxg6 16.f3 f4 17.Bf2 Qxg5
18.Qc2 Qe7 19.O-O-O Nc7 20.Rdg1 g5 21.Rh5 Bf6 22.Rgh1 Rg7 23.Nb3 Nxb3+ 24.Qxb3 c5
25.Rh8+ Kf7 26.Rxa8 Nxa8 27.Qxb7 Qd8 28.Nb5 Be7 29.Na7 Kg8 30.Nc6 Bxc6 31.Qxc6 Nc7
32.Be1 Ne8 33.Bxa5 Qb8 34.Qd7 Nf6 35.Qe6+ Kf8 36.Be1 Qe8 37.Rh6 Qf7 38.Qc8+ Qe8
39.Qf5 Qf7 40.a4 Ng8 41.Qxf7+ Kxf7 42.Rh8 Ke8 43.Bf1 g4 44.fxg4 Kd7 45.g5 Bxg5
46.Bh3+ Kc7 47.Be6 Nf6 48.Bf5 f3+ 49.Kd1 Be3 50.Rh3 f2 51.Bxf2 Bxf2 52.a5 Bd4
53.Rb3 Rg1+ 54.Kc2 Rg2+ 55.Kb1 Rg1+ 56.Ka2 Rg8 57.a6 Rb8 58.Rg3 Rxb2+ 59.Ka3 Rb1
60.Rg7+ Kb8 61.Rf7 Nh5 62.Rf8+ Ka7 63.Rf7+ Ka8 64.Rf8+ Rb8 65.Rf7 Rb1 66.Bd7 Ra1+
67.Kb3 Rxa6 68.Bc6+ Kb8 69.Rb7+ Kc8 70.Rh7 Rb6+ 71.Bb5 Ng3 72.Ka4 Kb8 73.Ka5 Rb7
74.Rh8+ Ka7 75.Bc6 Bc3+ 76.Ka4 Rb4+ 77.Ka3 Nxe4 78.Rh7+ Ka6 79.Rh4 Bb2+ 80.Ka2 Nc3+  0-1

[Event "Titled Tue 24th Jun Early"]
[Site "chess.com INT"]
[Date "2025.06.24"]
[Round "9"]
[White "Bortnyk,Olexandr"]
[Black "Nakamura,Hi"]
[Result "1/2-1/2"]
[WhiteElo "2601"]
[BlackElo "2804"]

1.e4 e6 2.d4 d5 3.Nc3 Nf6 4.Bg5 Bb4 5.e5 h6 6.Bc1 Ne4 7.Qg4 g6 8.Ne2 Ba5
9.a3 Nxc3 10.Nxc3 Bxc3+ 11.bxc3 c5 12.dxc5 Qc7 13.Qd4 Bd7 14.f4 Nc6 15.Qf2 Rc8
16.Bd3 Ne7 17.Be3 Qa5 18.Bd4 Bb5 19.O-O Bxd3 20.cxd3 h5 21.Rfb1 Qa6 22.Qb2 Rc7
23.Qb5+ Qxb5 24.Rxb5 Kd7 25.Rab1 Kc8 26.Kf2 Kb8 27.a4 Ka8 28.Kf3 Rhc8 29.Bf2 Nc6
30.d4 a6 31.R5b2 Na5 32.Bh4 Nc4 33.Re2 b6 34.cxb6 Rd7 35.g4 hxg4+ 36.Kxg4 Kb7
37.Bf6 a5 38.Kg5 Rc6 39.h4 Rxb6 40.Ree1 Kc6 41.Rxb6+ Nxb6 42.Ra1 Ra7 43.Bd8 Nc4
44.Rb1 Ra8 45.Be7 Nd2 46.Rb5 Ne4+ 47.Kh6 Ng3 48.Bf6 Nf5+ 49.Kh7 Kc7 50.Rc5+ Kd7
51.Rb5 Kc7 52.Rc5+ Kb7 53.c4 dxc4 54.Rxc4 Kb6 55.Bg5 Re8 56.Bf6 Ra8 57.Bg5 Kb7
58.Rc1 Kb6 59.Rc4  1/2-1/2

[Event "Titled Tue 24th Jun Late"]
[Site "chess.com INT"]
[Date "2025.06.24"]
[Round "10"]
[White "Naroditsky,D"]
[Black "Nakamura,Hi"]
[Result "0-1"]
[WhiteElo "2619"]
[BlackElo "2804"]

1.e4 e5 2.Nf3 Nc6 3.Nc3 Nf6 4.Nd5 Nb4 5.Nxf6+ Qxf6 6.c3 Nc6 7.d4 Qg6 8.Bd3 d6
9.O-O Bh3 10.Ng5 Bxg2 11.Kxg2 h6 12.d5 Ne7 13.Bb5+ c6 14.dxc6 bxc6 15.Qa4 Rc8
16.Ba6 Rc7 17.Qb3 hxg5 18.Qb8+ Kd7 19.Be3 Qxe4+ 20.f3 Qxe3 21.Rad1 Nf5 22.Rf2 Qb6
23.Qa8  0-1

[Event "Titled Tue 24th Jun Early"]
[Site "chess.com INT"]
[Date "2025.06.24"]
[Round "10"]
[White "Mendonca,Leon Luke"]
[Black "Nakamura,Hi"]
[Result "0-1"]
[WhiteElo "2603"]
[BlackElo "2804"]

1.c4 e5 2.d3 g6 3.Nc3 Nc6 4.g3 Bg7 5.Bg2 d6 6.e3 Be6 7.Nge2 Qd7 8.h4 h6 9.Nd5 Nd8
10.d4 c6 11.Ndc3 Bxc4 12.d5 c5 13.a4 f5 14.e4 Nf6 15.Qc2 O-O 16.b3 Ba6 17.Bh3 Qf7
18.O-O fxe4 19.Rd1 Bd3 20.Rxd3 exd3 21.Qxd3 e4 22.Qd1 Nxd5 23.Nxd5 Bxa1 24.Bxh6 Qxf2+
25.Kh1 Bg7 26.Bf4 Qf3+ 27.Bg2 Qd3 28.Qxd3 exd3 29.Nec3 Rxf4 30.gxf4 Bxc3
31.Nxc3 Nc6 32.Be4 d2  0-1

[Event "Titled Tue 24th Jun Early"]
[Site "chess.com INT"]
[Date "2025.06.24"]
[Round "11"]
[White "Nakamura,Hi"]
[Black "Maghsoodloo,Parham"]
[Result "1/2-1/2"]
[WhiteElo "2804"]
[BlackElo "2691"]

1.Nf3 d5 2.g3 Nd7 3.d4 Ngf6 4.Bg2 e6 5.O-O Be7 6.Nbd2 O-O 7.c4 a5 8.b3 b6
9.Bb2 Ba6 10.Ne5 Rc8 11.Nc6 Qe8 12.Nxe7+ Qxe7 13.Rc1 Rfd8 14.e4 dxe4 15.Nxe4 Nxe4
16.Bxe4 Nf6 17.Bc6 e5 18.Re1 Qd6 19.d5 Nd7 20.Qg4 f6 21.f4 exf4 22.gxf4 Nc5
23.Rc3 Rf8 24.Ba3 f5 25.Qf3 Rf6 26.Rce3 h6 27.Re6 Rxe6 28.dxe6 Qd4+ 29.Kh1 Nxe6
30.Bd5 Re8 31.Rxe6 Rxe6 32.Bxe6+ Kh7 33.Kg2 g6 34.Qd5 Bb7 35.Qxb7 Qd2+ 36.Kf3 Qd1+
37.Ke3 Qe1+ 38.Kd3 Qd1+ 39.Kc3 Qe1+ 40.Kd4 Qd1+ 41.Kc3 Qe1+ 42.Kb2 Qd2+ 43.Kb1 Qd3+
44.Kc1 Qc3+ 45.Kd1 Qd3+ 46.Ke1 Qe3+ 47.Kf1 Qd3+ 48.Kf2 Qd2+ 49.Kg3 Qe1+ 50.Kh3 Qe3+
51.Kg2 Qe2+ 52.Kg1 Qe1+ 53.Kg2 Qe2+ 54.Kg1 Qe1+ 55.Kg2 Qe2+  1/2-1/2

[Event "Titled Tue 24th Jun Late"]
[Site "chess.com INT"]
[Date "2025.06.24"]
[Round "11"]
[White "Nakamura,Hi"]
[Black "Drygalov,Sergey"]
[Result "1-0"]
[WhiteElo "2804"]
[BlackElo "2560"]

1.e4 c5 2.Nf3 d6 3.Bb5+ Nd7 4.a4 Nf6 5.Nc3 g6 6.O-O Bg7 7.a5 a6 8.Be2 O-O
9.d3 Nb8 10.e5 Ne8 11.exd6 Nxd6 12.d4 cxd4 13.Nxd4 Nf5 14.Nb3 Nc6 15.Bf3 Nfd4
16.Nxd4 Nxd4 17.Be4 Bf5 18.Be3 Nc6 19.Bxf5 gxf5 20.Bb6 Qc8 21.Na4 Ne5 22.b3 Qc6
23.Qe2 Ng6 24.Rad1 Rac8 25.c4 e5 26.g3 e4 27.f4 Rfe8 28.Rd5 Ne7 29.Rd2 Qf6
30.Rfd1 Nc6 31.Rd7 Re7 32.R7d5 h6 33.Kg2 Nb4 34.Rd8+ Re8 35.R8d7 Nd3 36.Qh5 Rf8
37.Rd5 Qc6 38.Qxf5 Rce8 39.Be3 Nb4 40.Rd6 Qc7 41.Rd7 Qb8 42.Bc5 Nc2 43.Rc1 Qc8
44.Rxc2 Rd8 45.Nb6 Qc6 46.Bxf8 e3+ 47.Qd5 Qxd5+ 48.cxd5 Rxd7 49.Nxd7 Bxf8
50.Kf3  1-0

[Event "Titled Tue 1st Jul Late"]
[Site "chess.com INT"]
[Date "2025.07.01"]
[Round "1"]
[White "Sahbudak,Baris Cinar"]
[Black "Nakamura,Hi"]
[Result "0-1"]
[WhiteElo "2072"]
[BlackElo "2804"]

1.e4 g6 2.d4 Bg7 3.Be3 c5 4.Nc3 cxd4 5.Bxd4 Nf6 6.Nf3 Nc6 7.Be3 d6 8.Bd3 Bg4
9.h3 Bxf3 10.Qxf3 O-O 11.Qe2 Rc8 12.O-O Nd7 13.Rad1 a6 14.Qd2 Qa5 15.Bh6 Rfe8
16.Bxg7 Kxg7 17.a3 Nf6 18.f4 e6 19.Qe3 d5 20.exd5 exd5 21.Qf2 d4 22.Ne2 Nd5
23.f5 Qc7 24.Qh4 Qe7 25.Qxe7 Rxe7 26.Rf3 f6 27.Nf4 Nxf4 28.Rxf4 g5 29.Re4 Rce8
30.Rde1 Ne5 31.Kf2 Rd8 32.g4 Rd5 33.R1e2 Rc7 34.Rd2 a5 35.Bf1 Rcd7 36.Bg2 R5d6
37.Rd1 d3 38.cxd3 Nxd3+ 39.Ke3 Nf4 40.Rxd6 Rxd6 41.Bf1 Kf8 42.h4 Nd5+ 43.Kf3 gxh4
44.Kg2 Rb6 45.Kh3 Rxb2 46.Kxh4 b5 47.a4 bxa4 48.Bb5 Rxb5 49.Rxa4 Kg7 50.Rd4 Kh6
51.Re4 Rb7 52.Re6 Ra7 53.g5+ Kg7 54.Rd6 fxg5+ 55.Kxg5 Nc3 56.f6+ Kf7 57.Rc6 Ne4+
58.Kf5 Nxf6 59.Rxf6+ Kg7 60.Rc6 a4 61.Rc2 a3 62.Ra2 Ra4 63.Ke5 h5 64.Kf5 h4
65.Kg5 h3 66.Kf5 h2 67.Rxh2 a2 68.Rg2+ Kf7 69.Rg1 Ra5+ 70.Ke4 a1=Q 71.Rxa1 Rxa1  0-1

[Event "Titled Tue 1st Jul Early"]
[Site "chess.com INT"]
[Date "2025.07.01"]
[Round "1"]
[White "Kopczynski,M"]
[Black "Nakamura,Hi"]
[Result "0-1"]
[WhiteElo "2225"]
[BlackElo "2807"]

1.e4 g6 2.d4 Bg7 3.Nc3 a6 4.Be3 d6 5.f3 b5 6.Qd2 Nd7 7.h4 h6 8.h5 g5 9.f4 gxf4
10.Bxf4 Bb7 11.Qe3 c5 12.dxc5 b4 13.Nd5 Bxd5 14.exd5 Bxb2 15.Rd1 Bc3+ 16.Kf2 Ngf6
17.Be2 Nxc5 18.Bf3 Qc7 19.Bxh6 Nce4+ 20.Bxe4 Ng4+ 21.Ke2 Nxe3 22.Bxe3 Qc4+
23.Bd3 Qg4+ 24.Nf3 Qxg2+ 25.Bf2 Qg4 26.Rdg1 Qd7 27.h6 O-O-O 28.Bxa6+ Kb8
29.Bd4 Bxd4 30.Nxd4 Rdg8 31.Rxg8+ Rxg8 32.h7 Qg4+ 33.Kd3 Rh8 34.Kc4 e5 35.dxe6 fxe6  0-1

[Event "Titled Tue 1st Jul Early"]
[Site "chess.com INT"]
[Date "2025.07.01"]
[Round "2"]
[White "Nakamura,Hi"]
[Black "Antoniou,Rafail"]
[Result "1-0"]
[WhiteElo "2807"]
[BlackElo "2134"]

1.Nf3 d5 2.g3 e6 3.Bg2 Nf6 4.O-O Be7 5.d3 O-O 6.Nbd2 a5 7.e4 a4 8.c3 c5 9.e5 Nfd7
10.Re1 Nc6 11.Nf1 Qc7 12.Bf4 a3 13.b3 b5 14.h4 Bb7 15.Rc1 Qa5 16.Ng5 b4 17.c4 Nb6
18.Qh5 h6 19.Nf3 Nd4 20.Nxd4 cxd4 21.Nh2 Rfb8 22.Bxh6 gxh6 23.Ng4 Kf8 24.Nxh6 Ke8
25.Qxf7+ Kd7 26.Bh3 dxc4 27.Qxe6+ Ke8 28.Qg8+ Bf8 29.Qf7+ Kd8 30.Qxf8+ Kc7
31.Qd6+  1-0

[Event "Titled Tue 1st Jul Late"]
[Site "chess.com INT"]
[Date "2025.07.01"]
[Round "2"]
[White "Nakamura,Hi"]
[Black "Toktomushev,Teimur"]
[Result "1-0"]
[WhiteElo "2804"]
[BlackElo "2390"]

1.e4 c5 2.c3 d5 3.exd5 Qxd5 4.Nf3 Nf6 5.Na3 e6 6.d4 Nc6 7.Be3 cxd4 8.Nb5 Qd7
9.Nbxd4 Be7 10.Bd3 O-O 11.Qc2 h6 12.O-O-O Qc7 13.Nxc6 bxc6 14.Rhg1 e5 15.Rde1 Be6
16.Bd2 e4 17.Bxe4 Nxe4 18.Rxe4 Bf6 19.g4 Bd5 20.Re3 Rfe8 21.g5 hxg5 22.Nxg5 Bxg5
23.Rxg5 Rxe3 24.Bxe3 Qxh2 25.b3 f6 26.Rg3 Re8 27.Kb2 Qh7 28.Qd2 Qe4 29.Bxa7 Qe2
30.Rd3 Qxd2+ 31.Rxd2 g5 32.c4 Bf3 33.a4 g4 34.a5 f5 35.Bc5 f4 36.a6 Ra8 37.a7 Kf7
38.Rd4 Ke6 39.Rxf4 Ke5 40.Rf8 Rxf8 41.Bxf8 c5 42.Bxc5 Ke6 43.Be3 Kd7 44.b4 Kc6
45.b5+ Kb7 46.Kc3  1-0